| 000 | 00587nam a2200181 i 4500 | ||
|---|---|---|---|
| 001 | 75135 | ||
| 003 | ES-MaACL | ||
| 005 | 20230906172339.0 | ||
| 007 | t| | ||
| 008 | 040922s1979 sp ||||1| spa d | ||
| 245 | 0 | 0 |
_aBases farmacológicas de la terapéutica / _cdirigido por Louis S. Goodman ; traducido por Roberto Espinosa Zarza. |
| 250 | _a5ª ed. | ||
| 260 |
_a[Madrid] : _bInteramericana, _c[1979] |
||
| 300 |
_aXVI, 1412 p. : _bil. ; _c26 cm. |
||
| 700 | 1 |
_aGoodman, Louis Sanford. _959107 |
|
| 700 | 1 |
_aEspinosa Zarza, Roberto. _947924 |
|
| 852 |
_aES-MaACL _jF-6720 _bR.100127 |
||
| 999 |
_c75135 _d75135 |
||